书目信息 |
| 题名: |
立体几何学习指导
|
|
| 作者: | 许莼舫 编 | |
| 分册: | ||
| 出版信息: | 北京 中国青年出版社 1958 |
|
| 页数: | 160页 | |
| 开本: | 19cm | |
| 丛书名: | ||
| 单 册: | ||
| 中图分类: | O123.2 | |
| 科图分类: | ||
| 主题词: | 立体几何--自学参考资料 | |
| 电子资源: | ||
| ISBN: | ||
| 000 | 00587nam0 2200217 45 | |
| 001 | 0178005675 | |
| 005 | 20060817175418.06 | |
| 010 | @dCNY0.37 | |
| 091 | @a13009.155 | |
| 100 | @a19950728e19781958em y0chiy0121 ea | |
| 101 | 0 | @achi |
| 102 | @aCN@b110000 | |
| 105 | @ay z 000yy | |
| 200 | 10 | @a立体几何学习指导@Ali ti ji he xue xi zhi dao@f许莼舫编@Fxu chun fang bian |
| 210 | @a北京@c中国青年出版社@d1958 | |
| 215 | @a160页@d19cm | |
| 606 | @a立体几何@x自学参考资料 | |
| 690 | @aO123.2@v3 | |
| 701 | 0 | @a许莼舫@Axu chun fang@4编 |
| 801 | 0 | @aCN@bNLC@c20060817 |
| 905 | @dO123.2@e58 | |
| 立体几何学习指导/许莼舫编.-北京:中国青年出版社,1958 |
| 160页;19cm |
| ISBN :CNY0.37 |
| ● |
| 相关链接 |
|
|
|
|
正题名:立体几何学习指导
索取号:O123.2/58
 
预约/预借
| 序号 | 登录号 | 条形码 | 馆藏地/架位号 | 状态 | 备注 |
| 1 | 0029316 | 202309126 | 密集书库/ [索取号:O123.2/58] | 在馆 | |
| 2 | 0029317 | 001935892 | 第三借阅区/ [索取号:O123.2/58] | 在馆 | |
| 3 | 0029318 | 202207744 | 密集书库/ [索取号:O123.2/58] | 在馆 | |
| 4 | 0029319 | 202309082 | 密集书库/ [索取号:O123.2/58] | 在馆 | |
| 5 | 0029320 | 202309091 | 密集书库/ [索取号:O123.2/58] | 在馆 | |
| 6 | 0431252 | 204312528 | 密集书库/ [索取号:O123.2/58] | 在馆 | |
| 7 | 0431253 | 204312537 | 密集书库/ [索取号:O123.2/58] | 在馆 | |
| 8 | 0431254 | 204312546 | 密集书库/ [索取号:O123.2/58] | 在馆 | |
| 9 | 0442547 | 204425470 | 密集书库/ [索取号:O123.2/58] | 在馆 | |
| 10 | 0468523 | 204685233 | 密集书库/ [索取号:O123.2/58] | 在馆 |